Beaches in the USA by State - Statistics

General Stats
  • This quiz has been taken 61 times
  • The average score is 11 of 16
Answer Stats
Hint Answer % Correct
Waikiki Beach Hawaii
92%
Galveston Texas
90%
Clearwater Beach Florida
88%
Outer Banks North Carolina
88%
Martha’s Vineyard Massachusetts
87%
Hilton Head South Carolina
85%
Redondo Beach California
79%
The Hamptons New York
75%
Ocean City (not NJ) Maryland
71%
Cape May New Jersey
65%
Bethany Beach Delaware
56%
Cannon Beach Oregon
54%
Grand Haven Michigan
42%
Golden Isles Georgia
37%
Homer Spit Alaska
35%
Oak Street Beach Illinois
29%
No matching quizzes found
Score Distribution
Percent of People with Each Score
Percentile by Number Answered
Your Score History
You have not taken this quiz